Desde el abaco hasta la quinta generación
Saved in:
| Hovedforfatter: | |
|---|---|
| Format: | Bog |
| Sprog: | spansk |
| Udgivet: |
Valparaíso
Universidad Técnica Federico Santa María, Departamento de Informática
1980
|
| Fag: | |
| Tags: |
Tilføj Tag
Ingen Tags, Vær først til at tagge denne postø!
|
MARC
| LEADER | 00000nam a2200000 a 4500 | ||
|---|---|---|---|
| 001 | UCW1491 | ||
| 003 | CL-VaPUC | ||
| 008 | 920709e19800000CL |||||||||||||||||spa|d | ||
| 082 | 0 | 4 | |a 004 |b HEV |2 21 |
| 100 | |a Hevia Rodríguez, Luis Fernando |e autor |9 426591 | ||
| 245 | 1 | 0 | |a Desde el abaco hasta la quinta generación |
| 300 | |a 73 p | ||
| 942 | |c BK | ||
| 945 | |d 19920709 00:00:00 | ||
| 260 | |a Valparaíso |b Universidad Técnica Federico Santa María, Departamento de Informática |c 1980 | ||
| 650 | 7 | |a COMPUTADORES OBRAS DE DIVULGACION |2 CL-VaPUC |9 271060 | |
| 583 | |a last modification |c 19920709 00:00:00 |k Rodrigo Vera | ||
| 999 | |c 216377 |d 216375 | ||
| 952 | |0 0 |1 0 |4 0 |6 004_000000000000000_HEV_1980 |7 0 |8 A |9 202057 |a BIBMAT |b BIBMAT |d 2019-11-14 |i 2692007 |o 004 HEV 1980 |p 2692007 |r 2025-01-07 |w 2019-11-14 |y BK |k MAT | ||
| 952 | |0 0 |1 0 |4 0 |6 004_000000000000000_HEV_1980 |7 0 |8 A |9 202058 |a BIBGIM |b BIBGIM |d 2019-11-14 |i 1414348 |o 004 HEV 1980 |p 1414348 |r 2025-01-15 |w 2019-11-14 |y BK |k COM | ||
| 952 | |0 0 |1 0 |4 0 |6 004_000000000000000_HEV_1980 |7 0 |8 A |9 202059 |a BIBGIM |b BIBGIM |d 2019-11-14 |i 1414399 |o 004 HEV 1980 |p 1414399 |r 2025-01-15 |w 2019-11-14 |y BK |k COM | ||
| 952 | |0 0 |1 0 |4 0 |6 004_000000000000000_HEV_1980 |7 0 |8 A |9 202060 |a BIBGIM |b BIBGIM |d 2019-11-14 |i 141450K |o 004 HEV 1980 |p 141450K |r 2025-01-15 |w 2019-11-14 |y BK |k COM | ||
| 952 | |0 0 |1 0 |4 0 |6 004_000000000000000_HEV_1980 |7 0 |8 A |9 202061 |a BIBGIM |b BIBGIM |d 2019-11-14 |i 1414550 |o 004 HEV 1980 |p 1414550 |r 2025-01-15 |w 2019-11-14 |y BK |k COM | ||
| 952 | |0 0 |1 0 |4 0 |6 004_000000000000000_HEV_1980 |7 0 |8 A |9 202062 |a BIBGIM |b BIBGIM |d 2019-11-14 |i 1414518 |o 004 HEV 1980 |p 1414518 |r 2025-01-15 |w 2019-11-14 |y BK |k COM | ||